书目信息 |
| 题名: |
汽车车身电气维修问答
|
|
| 作者: | 杨智勇 主编 | |
| 分册: | ||
| 出版信息: | 北京 中国电力出版社 2006.07 |
|
| 页数: | 250页 | |
| 开本: | 26cm | |
| 丛书名: | 国产轿车电控与电气系统维修问答丛书 | |
| 单 册: | ||
| 中图分类: | U472-51 | |
| 科图分类: | ||
| 主题词: | 汽车--qi che--电气设备--车辆修理--问答 | |
| 电子资源: | ||
| ISBN: | 7-5083-4190-2 | |
| 000 | 01062nam 2200253 450 | |
| 001 | 012006801395 | |
| 005 | 20060808095735.40 | |
| 010 | @a7-5083-4190-2@dCNY26.00 | |
| 100 | @a20060808d2006 km y0chiy0120 ea | |
| 101 | 0 | @achi |
| 102 | @aCN@b110000 | |
| 105 | @aa z 000yy | |
| 106 | @ar | |
| 200 | 1 | @a汽车车身电气维修问答@Aqi che che shen dian qi wei xiu wen da@f杨智勇主编@Fyang zhi yong zhu bian |
| 210 | @a北京@c中国电力出版社@d2006.07 | |
| 215 | @a250页@c图@d26cm | |
| 225 | 2 | @a国产轿车电控与电气系统维修问答丛书@Aguo chan jiao che dian kong yu dian qi xi tong wei xiu wen da cong shu |
| 330 | @a本书以问答的形式,介绍了国产轿车车身电气(内容包括安全气囊、电动车窗、防盗系统、音响及导航系统等)的结构、原理、检修及常见故障的检测诊断方法,重点介绍了自诊断系统、电控元件的检测、维修数据及常用的故障。 | |
| 410 | 0 | @12001 @a国产轿车电控与电气系统维修问答丛书 |
| 606 | 0 | @a汽车@Aqi che@x电气设备@x车辆修理@j问答 |
| 690 | @aU472-51@v4 | |
| 701 | 0 | @a杨智勇@Ayang zhi yong@4主编 |
| 801 | 0 | @aCN@bQSSK@c20060808 |
| 905 | @b599537-39@dU472-51@eY338 | |
| 汽车车身电气维修问答/杨智勇主编.-北京:中国电力出版社,2006.07 |
| 250页:图;26cm.-(国产轿车电控与电气系统维修问答丛书) |
| ISBN 7-5083-4190-2:CNY26.00 |
| 本书以问答的形式,介绍了国产轿车车身电气(内容包括安全气囊、电动车窗、防盗系统、音响及导航系统等)的结构、原理、检修及常见故障的检测诊断方法,重点介绍了自诊断系统、电控元件的检测、维修数据及常用的故障。 |
| ● |
| 相关链接 |
|
|
|
正题名:汽车车身电气维修问答
索取号:U472-51/Y338
 
预约/预借
| 序号 | 登录号 | 条形码 | 馆藏地/架位号 | 状态 | 备注 |
| 1 | 599537 | 205995379 | 自科库501/501自科库 57排3列1层/ [索取号:U472-51/Y338] | 在馆 | |
| 2 | 599538 | 205995388 | 自科库501/501自科库 57排3列1层/ [索取号:U472-51/Y338] | 在馆 | |
| 3 | 599539 | 205995397 | 自科库501/501自科库 57排3列1层/ [索取号:U472-51/Y338] | 在馆 |